000 00296nam a22001337a 4500
008 171017b xxu||||| |||| 00| 0 eng d
020 _a9780321563880
041 _aeng
080 _27TH
_a330.101.542
100 _a52
101 _aMIK
245 _aMICROECONOMICS
_cPARKIN,.M
942 _2udc
_cBK
999 _c34472
_d34472